000 00422ntaaa2200169 4500
003 01
005 20251027201912.0
008 0714s1973 ag 01
040 _aAR-BaBN
_bspa
_cAR-BaBN
_eaacr
_dRIC
082 _a244.1000 Sa8
100 _aSaunders, Marshall
_917590
245 _aHermoso
250 _a1 ed. :
_bCasa Bautista de Publicaciones,
_cc/927
300 _a220 p.
650 _aNiƱos-Relato
_917591
942 _cBK
999 _c13754
_d13754